| 000 | 01217nam a2200289 i 4500 | ||
|---|---|---|---|
| 003 | EG-ScBUE | ||
| 005 | 20231123121704.0 | ||
| 008 | 110811s1994 u o f 000 0bara d | ||
| 017 | _a94 / 4188 | ||
| 020 | _a9770802166 | ||
| 040 |
_aEG-ScBUE _bara _erda _cEG-ScBUE _dEG-ScBUE |
||
| 043 | _aa-su--- | ||
| 082 | 0 | 4 |
_222 _a953.8053092 _bر ض ا |
| 100 | 1 |
_926643 _aرضا، عادل، _eمؤلف. |
|
| 245 | 1 | 0 |
_aفهد بن عبد العزيز الإنسان الملك / _cتأليف عادل رضا ؛ تقديم إبراهيم سعدة. |
| 264 | 1 |
_a[القاهرة] : _bدار أخبار اليوم، _c[1994] |
|
| 300 |
_a407 صفحة : _bصور ملونة ؛ _c24 سم |
||
| 336 |
_2rdacontent _aنص _btxt |
||
| 337 |
_aبدون وسيط _2rdamedia _bn |
||
| 338 |
_aمجلد _bnc _2rdacarrier |
||
| 600 | 1 | 7 |
_2BUEsh _aفهد بن عبد العزيز، _cملك السعودية، _d1923-2005. |
| 651 | 7 |
_aالسعودية _xتاريخ _yالعصر الحديث _yفهد بن عبد العزيز (1402-1426 هـ/1982-2005 م.). _2BUEsh |
|
| 651 | 7 |
_aالسعودية _vملوك وحكام. _2BUEsh |
|
| 655 | _vReading book | ||
| 700 | 1 |
_aسعدة، إبراهيم، _eمقدم. |
|
| 942 |
_2ddc _cBB |
||
| 999 |
_c15809 _d15809 |
||